Quiz sur la Légion étrangère. - Statistiques

Statistiques générales
  • Ce quiz a été pris 157 fois
    156 depuis la dernière actualisation
  • Le résultat moyen est 6 sur 13
Statistiques - réponses
Questions Réponses % Correct
De quels couleur sont les képis des légionnaires? Blanc
86%
Comment s'appelle le chant de marche de la Légion étrangère? Le Boudin
63%
Où est déployée pour la première fois la Légion? Algérie
61%
Qu'est-ce qu'un REI? Régiment étranger d'Infanterie
60%
Durant cette bataille de l'expédition au Mexique, une compagnie de la Légion tint tête à moins d'un contre 30, la date de cette bataille est aujourd'hui la fête de la Légion. Camerone
59%
Quel pays a fourni le plus de légionnaire depuis la création du corps? Allemagne
57%
Dans quelle ville française s'installe-t-elle après l'indépendance de l'Algérie? Aubagne
51%
En quelle année a été fondée la Légion étrangère? 1831
46%
La Légion de retrouve largement impliquée durant cette bataille ultime de la guerre d'Indochine? Diên Biên Phu
46%
Ces hommes barbus défilent le 14 juillet munis de haches et d'un tablier de cuir. Pionniers
42%
Cette unité de la Légion, ayant combattu dans les FFL, a participé aux victoires de Narvik, Bir-Hakeim et El-Alamein. 13e Demi-Brigade de la Legion étrangère
24%
Durant quel opération aéroportée de grande envergure la Légion s'illustra-t-elle en 1978? Kolwezi
24%
Dans quelle ville algérienne la Légion avait-elle ses quartiers? Sidi bel-Abbès
23%
Aucun quiz correspondant
Distribution des résultats
% des personnes avec chaque résultat
Percentile par nombre de réponses
Votre historique - résultats
Vous n’avez pas pris ce quiz depuis la dernière actualisation